Tous les joueurs de Naples depuis 2010 - Statistiques

Statistiques générales
  • Ce quiz a été pris 30 fois
  • Le résultat moyen est 42 sur 144
Statistiques - réponses
Poste(s) Nationalité Saison(s) Réponse % Correct
Attaquant Nigéria 2020- Victor Osimhen
86%
Défenseur Sénégal 2014-2022 Kalidou Koulibaly
82%
Attaquant Uruguay 2010-2013 Edinson Cavani
77%
Défenseur/milieu Italie 2019- Giovanni Di Lorenzo
77%
Défenseur Portugal 2017- Mario Rui
77%
Gardien Italie 2018- Alex Meret
73%
Milieu Slovaquie 2007-2019 Marek Hamšík
73%
Gardien Espagne 2013-20142015-2018 Pepe Reina
73%
Attaquant Belgique 2013-2022 Dries Mertens
68%
Attaquant Italie 2009-2022 Lorenzo Insigne
68%
Attaquant Italie 2012-2019 Roberto Insigne
68%
Gardien Colombie 2018-2022 David Ospina
64%
Attaquant Argentine 2007-2012 Ezequiel Lavezzi
64%
Milieu Cameroun 2021- Frank Anguissa
64%
Attaquant Argentine 2013-2016 Gonzalo Higuain
64%
Attaquant Belgique 2024- Romelu Lukaku
64%
Attaquant Pologne 2016-2022 Arkadiusz Milik
59%
Défenseur Algérie 2014-2022 Faouzi Ghoulam
59%
Milieu/attaquant Espagne 2013-2020 José Callejon
59%
Attaquant Géorgie 2022- Khvicha Kvaratskhelia
59%
Défenseur Corée du Sud 2022-2023 Kim Min-jae
59%
Milieu Pologne 2016-2024 Piotr Zieliński
59%
Attaquant Mexique 2019-2023 Hirving Lozano
55%
Attaquant Italie 2020- Matteo Politano
55%
Milieu Écosse 2024- Scott McTominay
55%
Milieu Slovaquie 2020- Stanislav Lobotka
55%
Défenseur Albanie 2015-2021 Elseid Hysaj
45%
Attaquant Macédoine du Nord 2011-2014 Goran Pandev
45%
Défenseur Brésil 2021- Juan Jesus
45%
Défenseur Maroc 2018-2022 Kévin Malcuit
45%
Défenseur Grèce 2019-2022 Kóstas Manolás
45%
Défenseur Espagne 2013-2019 Raul Albiol
45%
Milieu Brésil 2015-2020 Allan
41%
Milieu Macédoine du Nord 2019-2024 Eljif Elmas
41%
Milieu Espagne 2018-2022 Fabian Ruiz
41%
Milieu Suisse 2011-2015 Gökhan Inler
41%
Milieu Suisse 2012-2014 Valon Behrami
41%
Défenseur Espagne 2010-2011 Victor Ruiz
41%
Milieu Suisse 2011-2014 Blerim Džemaili
36%
Attaquant Brésil 2024- David Neres
36%
Milieu Italie 2014-2018 Jorginho
36%
Milieu Guinée 2016-2019 Amadou Diawara
32%
Défenseur Kosovo 2020- Amir Rrahmani
32%
Milieu Écosse 2024- Billy Gilmour
32%
Attaquant Belgique 2024- Cyril Ngonge
32%
Milieu Espagne 2014-2016 David Lopez
32%
Attaquant Italie 2023- Giacomo Raspadori
32%
Défenseur/milieu Colombie 2009-2018 Juan Camilo Zúñiga
32%
Défenseur Norvège 2022-2024 Leo Østigård
32%
Défenseur Uruguay 2022- Mathias Olivera
32%
Défenseur Serbie 2016-2021 Nikola Maksimović
32%
Milieu France 2022-2023 Tanguy Ndombele
32%
Milieu France 2020-2021 Tiémoué Bakayoko
32%
Milieu Algérie 2017-2022 Adam Ounas
27%
Défenseur/milieu Italie 2008-2018 Christian Maggio
27%
Milieu Allemagne 2020-2024 Diego Demme
27%
Attaquant Colombie 2013-2018 Duvan Zapata
27%
Défenseur Argentine 2011-2014 Federico Fernandez
27%
Attaquant Argentine 2022- Giovanni Simeone
27%
Milieu Côte d’Ivoire 2023-2024 Hamed Junior Traoré
27%
Milieu/attaquant Danemark 2023- Jesper Lindstrøm
27%
Milieu/défenseur Belgique 2023-2024 Leander Dendoncker
27%
Milieu Croatie 2017-2020 Marko Rog
27%
Défenseur Italie 1998-1999 2006-2014 Paolo Cannavaro
27%
Défenseur Italie 2024- Pasquale Mazzocchi
27%
Défenseur France 2013-2014 Anthony Réveillère
23%
Attaquant Chili 2012-2015 Eduardo Vargas
23%
Défenseur Argentine 2009-2013 Hugo Campagnaro
23%
Défenseur/milieu Italie 2024- Leonardo Spinazzola
23%
Attaquant Italie 2015-2017 Manolo Gabbiadini
23%
Gardien Italie 2009-2013 Morgan De Sanctis
23%
Défenseur Brésil 2023- Natan
23%
Gardien Grèce 2018-2020 Oréstis Karnézis
23%
Défenseur Espagne 2024- Rafa Marin
23%
Défenseur Portugal 2012-2013 Rolando
23%
Attaquant Maroc 2023- Walid Cheddira
23%
Milieu Uruguay 2007-2015 Walter Gargano
23%
Défenseur Italie 2024- Alessandro Buongiorno
18%
Attaquant Italie 2017- Alessio Zerbin
18%
Attaquant Italie 2020-2023 Andrea Petagna
18%
Gardien Italie 2023- Elia Caprile
18%
Attaquant Italie 2004-20082013-2014 Emanuele Calaiò
18%
Milieu Italie 2016-2018 Emanuele Giaccherini
18%
Gardien Brésil 2015-2016 Gabriel
18%
Défenseur/milieu Italie 2012-2017 Giandomenico Mesto
18%
Milieu/attaquant Italie 2019- Gianluca Gaetano
18%
Défenseur Brésil 2014-2016 Henrique
18%
Défenseur Croatie 2015-2017 Ivan Strinić
18%
Milieu Suède 2023- Jens Cajuste
18%
Milieu France 2018-2023 Karim Zedadka
18%
Milieu Italie 2019- Michael Folorunsho
18%
Gardien Ukraine 2014- Nikita Contini
18%
Gardien Italie 2023-2024 Pierluigi Gollini
18%
Gardien Brésil 2013-2018 Rafael Cabral
18%
Défenseur Roumanie 2015-2020 Vlad Chiricheș
18%
Défenseur Italie 2020- Alessandro Zanoli
14%
Attaquant Allemagne 2018-2022 Amin Younes
14%
Défenseur Italie 2010-2013 Andrea Dossena
14%
Attaquant Italie 2021- Antonio Cioffi
14%
Défenseur RDC 2021-2022 Axel Tuanzebe
14%
Défenseur Pologne 2022-2023 Bartosz Bereszyński
14%
Attaquant Italie 2010-2012 Cristiano Lucarelli
14%
Gardien Italie 2021-2023 Davide Marfella
14%
Défenseur Italie 2008-2011 Fabiano Santacroce
14%
Attaquant Espagne 2019-2021 Fernando Llorente
14%
Attaquant Italie 2011-2012 Giuseppe Mascara
14%
Milieu Algérie 2010-2011 Hassan Yebda
14%
Milieu Pays-Bas 2014-2017 Jonathan de Guzmán
14%
Milieu Argentine 2010-2011 José Sosa
14%
Milieu Croatie 2013-2016 Josip Radošević
14%
Milieu Italie 2011-2014 Marco Donadel
14%
Milieu Italie 2008-2011 Michele Pazienza
14%
Attaquant Espagne 2014-2015 Michu
14%
Défenseur Uruguay 2011-2015 Miguel Britos
14%
Milieu Italie 2015-2016 Mirko Valdifiori
14%
Milieu Angleterre 2015-2016 Nathaniel Chalobah
14%
Milieu Maroc 2012-2017 Omar El Kaddouri
14%
Défenseur Colombie 2013-2014 Pablo Armero
14%
Défenseur Italie 2008-2013 Salvatore Aronica
14%
Défenseur Italie 2015-2023 Sebastiano Luperto
14%
Défenseur Italie 2012-2014 Alessandro Gamberini
9%
Gardien Italie 2011-2015 Antonio Rosati
9%
Défenseur Brésil 2012-2016 Bruno Uvini
9%
Attaquant Argentine 2011-2013 Cristian Chavez
9%
Milieu Italie 2012-2014 Davide Bariti
9%
Défenseur Brésil 2010-2011 Emilson Cribari
9%
Défenseur/milieu Italie 2019-2023 Filippo Costa
9%
Défenseur Italie 2005-2013 Gianluca Grava
9%
Défenseur Argentine 2011-2015 Ignacio Fideleff
9%
Défenseur Pologne 2014-2019 Igor Łasicki
9%
Attaquant Italie 2017-2018 Leonardo Pavoletti
9%
Défenseur Italie 2016-2020 Lorenzo Tonelli
9%
Gardien Italie 2009-2019 Luigi Sepe
9%
Milieu Italie 2005-2014 Luigi Vitale
9%
Milieu Italie 2007-2011 Manuele Blasi
9%
Gardien Argentine 2014-2016 Mariano Andujar
9%
Milieu Argentine 2011-2013 Mario Santana
9%
Milieu Italie 2011-2012 Massimiliano Ammendola
9%
Attaquant Italie 2010-2017 Nicolao Dumitru
9%
Milieu Italie 2010-2015 Raffaele Maiello
9%
Gardien Italie 2011-2015 Roberto Colombo
9%
Milieu Italie 2018-2020 Simone Verdi
9%
Gardien Espagne 2013-2014 Toni Doblas
9%
Défenseur Italie 2015-2016 Vasco Regini
9%
Aucun quiz correspondant
Distribution des résultats
% des personnes avec chaque résultat
Percentile par nombre de réponses
Votre historique - résultats
Vous n’avez pas pris ce quiz